[Event "Sten Open"]
[Site "Hradec Kralove CZE"]
[Date "2011.05.11"]
[Round "4"]
[White "Seidl,S"]
[Black "Vochozka,J"]
[Result "1-0"]
[WhiteElo "2090"]
[BlackElo "1734"]

1.Nf3 e6 2.c4 d5 3.e3 Nf6 4.Nc3 Be7 5.d4 O-O 6.Bd3 Nbd7 7.b3 c5 8.O-O dxc4
9.bxc4 cxd4 10.exd4 b6 11.Bf4 Nh5 12.Be4 Nxf4 13.Bxa8 Ba6 14.Qa4 Bxc4 15.Qxc4 Qxa8
16.Qc7 Bb4 17.Qxf4 Bxc3 18.Rac1 Bb4 19.Rb1 Be7 20.Qc7 Rd8 21.Ne5 Qd5 22.Nc6  1-0

[Event "6th Paradiso Amateur Open"]
[Site "Paradiso SUI"]
[Date "2011.05.13"]
[Round "1.5"]
[White "Patuzzo,F"]
[Black "Raselli,C"]
[Result "1-0"]
[WhiteElo "2264"]
[BlackElo "1928"]

1.c4 e6 2.Nf3 d5 3.g3 dxc4 4.Qa4+ Nd7 5.Bg2 Nf6 6.Qxc4 Be7 7.d4 O-O 8.O-O Nb6
9.Qc2 Nbd5 10.a3 Bd7 11.e4 Nb6 12.Be3 Rc8 13.h3 Bb5 14.Rd1 Nc4 15.Bg5 h6
16.Bxf6 Bxf6 17.b3 Nb6 18.a4 Bc6 19.a5 Nd7 20.a6 Ra8 21.b4 Nb8 22.b5  1-0

[Event "6th Paradiso Amateur Open"]
[Site "Paradiso SUI"]
[Date "2011.05.14"]
[Round "3.1"]
[White "Patuzzo,F"]
[Black "Kelecevic,N"]
[Result "1-0"]
[WhiteElo "2264"]
[BlackElo "2279"]

1.c4 e6 2.Nf3 d5 3.b3 Nf6 4.g3 Be7 5.Bg2 O-O 6.O-O c5 7.e3 Nc6 8.Bb2 dxc4
9.bxc4 Qb6 10.Qb3 Na5 11.Qxb6 axb6 12.d3 Rd8 13.Ne1 Bd7 14.Nc3 Bc6 15.Rd1 Ne8
16.Nc2 Bf6 17.Na3 Bxg2 18.Kxg2 Bxc3 19.Bxc3 Nc6 20.Bb2 Nb4 21.d4 f6 22.Rd2 Kf7
23.Rfd1 Ke7 24.Nb5 Rxa2 25.Ba3 Rxd2 26.Rxd2 Na6 27.Rb2 Kf7 28.Kf3 Kg6 29.h4 h5
30.Rb1 Rd7 31.Rb3 f5 32.Kf4 cxd4 33.Nxd4 Nd6 34.Nxe6 Kf6 35.Nf8 Rd8 36.Rxb6 Ke7
37.Ng6+  1-0

[Event "3rd Metropolitan Qualifier"]
[Site "Los Angeles USA"]
[Date "2011.05.15"]
[Round "4"]
[White "Kurosaki,T"]
[Black "Stevens,L"]
[Result "0-1"]
[WhiteElo "2144"]
[BlackElo "2056"]

1.c4 e6 2.Nf3 d5 3.g3 dxc4 4.Qa4+ Nd7 5.Qxc4 a6 6.Bg2 b5 7.Qc2 Bb7 8.d3 Ngf6
9.Nbd2 c5 10.O-O Be7 11.b3 O-O 12.Bb2 Rc8 13.Rac1 Qb6 14.Qb1 Rfd8 15.Qa1 Ne8
16.Ne4 f6 17.Ned2 e5 18.h4 Nf8 19.Bh3 Rc7 20.h5 Ne6 21.Nh4 Nd4 22.Rfe1 Qc6
23.Kh2 Bc8 24.Bxc8 Rcxc8 25.b4 Qe6 26.bxc5 f5 27.Bxd4 exd4 28.Nhf3 f4 29.Ne4 Nf6
30.Nxf6+ Qxf6 31.Kg2 fxg3 32.fxg3 Rd5 33.Rh1 Rcxc5 34.Rxc5 Bxc5 35.a4 Qe6
36.Qa2 Re5 37.Qxe6+ Rxe6 38.Rc1 Rxe2+ 39.Kf1 Re3 40.Ng5 Re5 41.Ne4 Ba3 42.Rc8+ Kf7
43.axb5 axb5 44.Ra8 Be7 45.g4 b4 46.Rb8 Ke6 47.Ke2 Kd7 48.Kd2 Kc7 49.Rg8 b3
50.Kc1 Ba3+ 51.Kb1 Re7 52.Ra8 Rxe4 53.dxe4 d3 54.Ra7+ Kc6 55.Rf7 d2 56.Rf1 Kd6
57.h6 gxh6 58.Rd1 Bc1 59.Rh1 Ke5 60.Rf1 Kxe4 61.Rh1 Kf4 62.Rg1 Kf3  0-1

[Event "DPMM Final"]
[Site "Baden Baden GER"]
[Date "2011.05.21"]
[Round "2.2"]
[White "Kohlweyer,B"]
[Black "Nogly,C"]
[Result "1-0"]
[WhiteElo "2490"]
[BlackElo "2239"]

1.c4 e6 2.Nf3 d5 3.g3 dxc4 4.Qa4+ c6 5.Qxc4 b5 6.Qb3 Bb7 7.Bg2 Nd7 8.O-O a6
9.d3 Ngf6 10.Nc3 c5 11.Bg5 Be7 12.Bxf6 Bxf6 13.a4 b4 14.Nb1 O-O 15.Nbd2 Bd5
16.Qc2 a5 17.Rad1 Rc8 18.b3 Qc7 19.Nc4 Bxc4 20.dxc4 Rfd8 21.e3 Bc3 22.Ng5 Nf6
23.f4 Rxd1 24.Rxd1 Rd8 25.Bf3 Rxd1+ 26.Qxd1 h6 27.Nh3 Kf8 28.Nf2 Ke7 29.Kf1 Qd7
30.Qxd7+ Nxd7 31.Bc6 Nb8 32.Bb5 f5 33.Ke2 Kd6 34.g4 g5 35.Kf3 Bf6 36.Nd3 Bc3
37.h3 Bf6 38.gxf5 exf5 39.e4 fxe4+ 40.Kxe4 gxf4 41.Kxf4 Bd4 42.Kf5 Nd7 43.Bxd7 Kxd7
44.Nf4 Kd6 45.Ng6 Be3 46.Ne5 Bc1 47.Ng4 Bd2 48.Nf6 Be3 49.Ne4+ Kc6 50.Ke6 Bg1
51.Nd6 Be3 52.Nf7 h5 53.Ne5+ Kb6 54.Kd6  1-0

[Event "XXVI Felix Cup"]
[Site "Baile Felix ROU"]
[Date "2011.05.22"]
[Round "4.15"]
[White "Pop,A"]
[Black "Berta,S"]
[Result "1-0"]
[WhiteElo "2111"]
[BlackElo "1840"]

1.c4 e6 2.Nf3 d5 3.g3 Nf6 4.Bg2 c6 5.Qc2 Nbd7 6.O-O Bd6 7.d4 O-O 8.Nbd2 e5
9.dxe5 Nxe5 10.Nxe5 Bxe5 11.Nf3 Bc7 12.Bg5 Be6 13.Nd4 Be5 14.Rad1 Qc8 15.Bxf6 Bxf6
16.cxd5 Bxd5 17.Bxd5 cxd5 18.Qxc8 Raxc8 19.e3 g6 20.Rd2 Rc4 21.Rfd1 Bxd4
22.Rxd4 Rc2 23.R1d2 Rxd2 24.Rxd2 Rc8 25.Rxd5 Rc2 26.Rb5 b6 27.e4 Kf8 28.Kg2 Ke7
29.h4 Kd6 30.Kf3 f6 31.Ke3 Ke6 32.f4 Rg2 33.Kf3 Rd2 34.Rb3 h5 35.Rb5 Rc2
36.e5 f5 37.Rb3 Rd2 38.Ke3 Rd1 39.Rd3 Rg1 40.Kf3 Rf1+ 41.Kg2 Rc1 42.Rd2 Rc6
43.Kf3 Ke7 44.Ke3 Ke6 45.Kd3 Rc1 46.Re2 Rg1 47.Re3 Rc1 48.Kd2 Rc5 49.Rd3 Rc6
50.Rc3 Rxc3 51.Kxc3 Kd5 52.Kd3 b5 53.b4 a6 54.Ke3  1-0

[Event "63rd ch-MNE"]
[Site "Tivat MNE"]
[Date "2011.05.29"]
[Round "9.6"]
[White "Scekic,V"]
[Black "Batricevic,S"]
[Result "1-0"]
[WhiteElo "2149"]
[BlackElo "2245"]

1.c4 e6 2.Nf3 d5 3.b3 c5 4.cxd5 exd5 5.g3 Nf6 6.Bg2 Be7 7.O-O O-O 8.d4 Nc6
9.Bb2 Re8 10.Nc3 Bg4 11.dxc5 Bxc5 12.Na4 Bf8 13.h3 Bh5 14.Rc1 Ne4 15.Nd4 Rc8
16.g4 Bg6 17.Nxc6 bxc6 18.Nc3 f5 19.Nxe4 fxe4 20.f4 exf3 21.exf3 Re3 22.Qd4 Re2
23.Rf2 c5 24.Qd1 Rxf2 25.Kxf2 d4 26.f4 Bf7 27.Qd2 Qh4+ 28.Kf1 Re8 29.Ba3 h5
30.Bxc5 hxg4 31.hxg4 Bxc5 32.Rxc5 Qxg4 33.Rg5 Qh4 34.Qf2 Qxf2+ 35.Kxf2 d3
36.Re5 Rc8 37.Ke3 Rc2 38.Be4 Rxa2 39.Rb5 g6 40.Bxd3 Ra3 41.Kd4 Kg7 42.Bc4 Bxc4
43.bxc4 Rf3 44.Ke5 Kh6 45.c5 Rc3 46.Kd4 Rf3 47.Ke5 Kh5 48.c6 Kg4 49.Kd6 Rd3+
50.Rd5 Rc3 51.Rc5 Rd3+ 52.Ke7 Re3+ 53.Kf7  1-0

[Event "Chicago Open"]
[Site "Wheeling USA"]
[Date "2011.05.30"]
[Round "9"]
[White "Greanias,S"]
[Black "Brock,W"]
[Result "1/2-1/2"]
[WhiteElo "2168"]
[BlackElo "2024"]

1.c4 e6 2.Nf3 d5 3.g3 Nf6 4.Bg2 Be7 5.O-O O-O 6.d4 dxc4 7.Qc2 a6 8.Qxc4 b5
9.Qc2 Bb7 10.Bf4 Bd6 11.Bxd6 cxd6 12.Nbd2 Nc6 13.e4 Rc8 14.Qd3 Qb6 15.a3 Rfd8
16.Rfe1 h6 17.Rac1 e5 18.d5 Ng4 19.Qe2 Nb8 20.Bh3 Rxc1 21.Rxc1 Nf6 22.Qd3 Nbd7
23.b4 g5 24.Bf5 Rc8 25.Rxc8+ Bxc8 26.Qc3 Qb8 27.h4 g4 28.Ne1 Nb6 29.Bxc8 Qxc8
30.Qxc8+ Nxc8 31.Nc2 h5 32.Ne3 Ne8 33.Kf1 Ne7 34.Ke2 Ng7 35.Kd3 Kf8 36.Kc3 f5
37.exf5 Ngxf5 38.Nxf5 Nxf5 39.Ne4 Ke7 40.Kb2 Ng7 41.a4 Ne8 42.axb5 axb5 43.Nc3 Nc7
44.Kc2 Kf6 45.Kd3 Kf7 46.Ke4  1/2-1/2

[Event "3rd Orissa Open"]
[Site "Bhubaneswar IND"]
[Date "2011.06.01"]
[Round "6"]
[White "Bakre,T"]
[Black "Kamble,V"]
[Result "1-0"]
[WhiteElo "2518"]
[BlackElo "2406"]

1.c4 e6 2.Nf3 d5 3.d4 c5 4.cxd5 exd5 5.g3 Nc6 6.Bg2 Nf6 7.O-O Be7 8.Nc3 O-O
9.dxc5 Bxc5 10.Na4 Bd6 11.Be3 Re8 12.Rc1 Qa5 13.a3 Bd7 14.Nc5 Rxe3 15.Nxd7 Rxf3
16.Bxf3 Nxd7 17.Bxd5 Qc7 18.b4 a6 19.Bxc6 bxc6 20.Qa4 c5 21.bxc5 Nxc5 22.Qc4 Bf8
23.Rfd1 Qa5 24.Rd5 Qxa3 25.Rxc5 Qxc5 26.Qxc5 Bxc5 27.Rxc5 a5 28.Kf1 Kf8 29.Ke1 Ke7
30.Kd2 Kd6 31.Rh5 h6 32.Kc3 a4 33.Rb5 a3 34.Rb1 Kd5 35.Ra1 a2 36.Kb3 Kd4
37.Rd1+ Ke4 38.Ra1 Ra5 39.Rxa2 Rb5+ 40.Kc2 Rb7 41.Kd2 Kf5 42.f3 Ke5 43.Ke3 Rb3+
44.Kf2 Rb7 45.Ra6 Kd4 46.h4 Ke5 47.h5 Kf5 48.g4+ Ke5 49.Kg3 Re7 50.Rb6 Ra7
51.Kf2 Ra5 52.e3 Ra7 53.Kg3 Rc7 54.e4 Rc5 55.Rb7 Ke6 56.Kf4 Rc6 57.Rb8 g5+
58.hxg6 fxg6 59.g5 h5 60.Rb7 Kd6 61.Rf7  1-0

[Event "TCh-BUL GpA Men"]
[Site "Albena BUL"]
[Date "2011.06.04"]
[Round "3.4"]
[White "Bojchev,M"]
[Black "Drenchev,P"]
[Result "0-1"]
[WhiteElo "2392"]
[BlackElo "2519"]

1.c4 e6 2.Nf3 d5 3.Qc2 d4 4.e3 c5 5.exd4 cxd4 6.d3 Nf6 7.g3 Nc6 8.a3 a5 9.Bg2 Nd7
10.Nbd2 Be7 11.O-O O-O 12.Re1 Ra6 13.Rb1 e5 14.g4 Qc7 15.Nf1 a4 16.Ng3 Nc5
17.h3 Nb3 18.Nd2 Nxc1 19.Qxc1 Bg5 20.Qc2 Bxd2 21.Qxd2 Ne7 22.b3 Ng6 23.bxa4 Nf4
24.Rb5 f6 25.Ne4 Rxa4 26.Rb3 h5 27.f3 f5 28.gxf5 Bxf5 29.Nf2 Ra6 30.Bf1 Rg6+
31.Kh1 Qd8 32.Rxe5 Qh4 33.Nd1 Nxh3 34.Qh2 Rg1+  0-1

[Event "TCh-BUL GpA Men"]
[Site "Albena BUL"]
[Date "2011.06.06"]
[Round "5.4"]
[White "Ermenkov,Evgenij"]
[Black "Shukin,E"]
[Result "1-0"]
[WhiteElo "2451"]
[BlackElo "2236"]

1.c4 e6 2.Nf3 d5 3.g3 c5 4.Bg2 Nc6 5.O-O Nf6 6.d3 Be7 7.Nc3 O-O 8.e4 dxe4
9.dxe4 Ng4 10.Qe2 Bf6 11.Rd1 Qe7 12.Ne1 Bxc3 13.bxc3 e5 14.Nc2 Be6 15.h3 Nf6
16.Ne3 Na5 17.Nd5 Bxd5 18.cxd5 Ne8 19.Be3 b6 20.Qb5 Nb7 21.c4 Ned6 22.Qa6 Ne8
23.Re1 Nbd6 24.Qa4 Rd8 25.Qc2 Nc8 26.a4 a5 27.Rab1 Ned6 28.h4 h6 29.Bh3 Rfe8
30.Kh2 Qf6 31.Kg2 Qg6 32.f3 Re7 33.Bd2 Rde8 34.Re2 Kh8 35.Qd3 Kg8 36.Rh1 Kh8
37.g4 f5 38.exf5 e4 39.fxg6 exd3 40.Rxe7 Rxe7 41.Rd1 Nxc4 42.g5 Re2+ 43.Kg3 Rxd2
44.Rxd2 Nxd2 45.Bxc8 Ne4+ 46.fxe4  1-0

[Event "FSGM June"]
[Site "Budapest HUN"]
[Date "2011.06.06"]
[Round "3"]
[White "Contin,D"]
[Black "Szabo,Krisz1"]
[Result "0-1"]
[WhiteElo "2310"]
[BlackElo "2512"]

1.c4 e6 2.Nf3 d5 3.b3 Nf6 4.g3 c5 5.Bg2 Nc6 6.e3 d4 7.exd4 cxd4 8.O-O Be7
9.d3 O-O 10.Qe2 Nd7 11.Na3 e5 12.Nc2 a5 13.Rb1 Re8 14.a3 Nc5 15.Nd2 Bf8 16.Ne4 Nxe4
17.Bxe4 f5 18.Bg2 Be6 19.Rd1 Bf7 20.Bb2 Qf6 21.Qf1 Rad8 22.b4 axb4 23.axb4 Nxb4
24.Nxb4 Bxb4 25.Bxd4 Rxd4 26.Rxb4 Red8 27.Rdb1 Rxd3 28.Bxb7 e4 29.c5 Qe7
30.Rc1 e3 31.Bf3 Rd2 32.Rb7 Qe5 33.Rxf7 Kxf7 34.c6 e2 35.Qh3 Rd1+ 36.Kg2 e1=N+  0-1

[Event "TCh-BIH 2011"]
[Site "Neum BIH"]
[Date "2011.06.11"]
[Round "8.5"]
[White "Tadic,Br"]
[Black "Palac,M"]
[Result "1/2-1/2"]
[WhiteElo "2493"]
[BlackElo "2583"]

1.c4 e6 2.Nf3 d5 3.d4 Nf6 4.g3 Bb4+ 5.Bd2 Be7 6.Bg2 O-O 7.O-O c6 8.Qc2 Nbd7
9.Bf4 b6 10.Rd1 Ba6  1/2-1/2

[Event "20th ICSC TCh-EUR Club"]
[Site "Liverpool ENG"]
[Date "2011.06.12"]
[Round "7"]
[White "Strzelecki,J"]
[Black "Jentsch,D"]
[Result "1/2-1/2"]
[WhiteElo "2155"]
[BlackElo "2180"]

1.c4 e6 2.Nf3 d5 3.g3 Nf6 4.Bg2 Nc6 5.cxd5 exd5 6.d4 Bb4+ 7.Nc3 O-O 8.O-O Re8
9.Bg5 Bxc3 10.bxc3 h6 11.Bxf6 Qxf6 12.Rb1 Rb8 13.Rb5 Ne7 14.Ne5 c6 15.Rb2 Bf5
16.a4 Qd6 17.Qb3 Ng6 18.Nxg6 Qxg6 19.c4 dxc4 20.Qxc4 Be4 21.Bxe4 Qxe4 22.e3 Red8
23.Rc1 Rd5 24.Qb4 Qe6 25.Rbc2 Qd6 26.Qb3 g6 27.Rc4 Kg7 28.Qb2 Kh7 29.e4 Ra5
30.h4 Qe7 31.Qc3 b6 32.Qf3 Rd8 33.Qf4 Kg7 34.Qe3 Re8 35.f3 Rd8 36.Rxc6 Rxa4
37.d5 Qe5 38.Kf2 b5 39.R1c2 a5 40.Ra6 b4 41.f4 Qe7 42.Qd4+ Kg8 43.d6 Qe6
44.Rd2 Ra3 45.Kg2 Qb3 46.Qf2 Qc4 47.Qe2 Qc3 48.Qf2 Qc4 49.Qe2 Qxe2+ 50.Rxe2 b3
51.e5 Rb8 52.Rb2 Kf8 53.Ra7 Ke8 54.g4 Rb5 55.Ra8+ Kd7 56.Kf3 Ra2 57.Rb1 b2
58.Ra7+ Ke8 59.Ra8+ Kd7 60.Ra7+  1/2-1/2

[Event "DJEM GM Duel Classical"]
[Site "Oberhof GER"]
[Date "2011.06.14"]
[Round "3"]
[White "Fressinet,L"]
[Black "Gustafsson,J"]
[Result "1-0"]
[WhiteElo "2677"]
[BlackElo "2646"]

1.c4 e6 2.Nf3 d5 3.g3 Nf6 4.Bg2 Be7 5.O-O O-O 6.d4 dxc4 7.Qa4 a6 8.Qxc4 b5
9.Qc2 Bb7 10.Bd2 Be4 11.Qc1 Bb7 12.Bf4 Nd5 13.Nc3 Nxf4 14.Qxf4 Nd7 15.Rfd1 Bd6
16.Qe3 Qe7 17.a4 bxa4 18.Nxa4 Rab8 19.Ne5 Bxg2 20.Kxg2 Bxe5 21.dxe5 Rb5 22.Nc3 Rb6
23.Rac1 Rfb8 24.Na4 R6b7 25.Qd4 Nf8 26.Rc4 Rb4 27.Rdc1 a5 28.Qa7 Qd7 29.Qxa5 R8b5
30.Qxb4 Rxb4 31.Rxb4 Qd2 32.Rc3 Qxe2 33.Re3 Qc2 34.Nc3 h5 35.Rb8 Qd2 36.h4 Qd4
37.Re4 Qc5 38.Rf4 g5 39.hxg5 Kg7 40.Ne4 Qc6 41.Rxf8 Kxf8 42.g6 Kg7 43.gxf7 Kf8
44.Kh2 Qc2 45.Ng5 Qg6 46.Nf3  1-0

[Event "DJEM GM Duel Rapid"]
[Site "Oberhof GER"]
[Date "2011.06.16"]
[Round "1"]
[White "Fressinet,L"]
[Black "Gustafsson,J"]
[Result "1-0"]
[WhiteElo "2677"]
[BlackElo "2646"]

1.c4 e6 2.Nf3 d5 3.g3 Nf6 4.Bg2 Be7 5.O-O O-O 6.d4 dxc4 7.Qc2 a6 8.a4 Bd7
9.Qxc4 Bc6 10.Bf4 a5 11.Nc3 Na6 12.Ne5 Bd5 13.Qb5 Nb4 14.e4 Bb3 15.Nf3 c6
16.Qe2 Qb6 17.Rfc1 Rfd8 18.Bf1 h6 19.Nd2 Nc2 20.Nxb3 Nxa1 21.Nxa1 Qxd4 22.Nc2 Qb6
23.Ne3 Qb3 24.Nc4 Bb4 25.Be5 Nd7 26.Bc7 Rdc8 27.Bf4 Rd8 28.Qc2 Qxc2 29.Rxc2 g5
30.Bc7 Rdc8 31.Bb6 Re8 32.Be3 Bc5 33.Rd2 Bxe3 34.Rxd7 Bc5 35.Rxb7 Rab8 36.Nxa5 Rxb7
37.Nxb7 Bb4 38.a5 Kf8 39.a6 Ke7 40.e5 Kd7 41.Ne4 Kc7 42.Nbd6 Rf8 43.Nc4 Rd8
44.Kg2 Rd1 45.Ned6 f5 46.a7 Ra1 47.Na3  1-0

[Event "49th National Challengers ch-IND"]
[Site "Aurangabad IND"]
[Date "2011.06.21"]
[Round "8"]
[White "Thejkumar,M"]
[Black "Singh,DP"]
[Result "1/2-1/2"]
[WhiteElo "2451"]
[BlackElo "2327"]

1.Nf3 e6 2.c4 d5 3.d4 c6 4.Qc2 Bd6 5.Nc3 f5 6.Bg5 Nf6 7.e3 O-O 8.Bd3 h6 9.Bf4 Ne4
10.O-O Na6 11.a3 Nc7 12.c5 Bxf4 13.exf4 Bd7 14.b4 Be8 15.a4 a5 16.Rfb1 axb4
17.Rxb4 Ra7 18.Ne5 Nxc3 19.Qxc3 Qa8  1/2-1/2

[Event "Baltija Cup Open A"]
[Site "Palanga LTU"]
[Date "2011.06.22"]
[Round "6.9"]
[White "Putka,V"]
[Black "Dubinskas,K"]
[Result "1-0"]
[WhiteElo "2297"]
[BlackElo "2005"]

1.c4 e6 2.Nf3 d5 3.g3 Nf6 4.Bg2 c5 5.cxd5 Nxd5 6.d4 cxd4 7.Nxd4 Bb4+ 8.Nd2 Nb6
9.Nf3 Nc6 10.O-O O-O 11.Qc2 Be7 12.Rd1 Nb4 13.Qb3 Qd5 14.a3 Nc6 15.Qxd5 exd5
16.Nb3 Na4 17.Nfd4 Be6 18.Nxe6 fxe6 19.Bh3 Kf7 20.Nd4 Nxd4 21.Rxd4 Nc5 22.Rf4+ Bf6
23.Be3 b6 24.Rd1 Ke7 25.Rb4 Ne4 26.a4 Rab8 27.Ra1 Rfc8 28.a5 Rc4 29.Rb5 Nd6
30.Rb3 Nc8 31.axb6 axb6 32.Ra6 Kd7 33.Bf4 Rb7 34.Re3 Rc6 35.b4 Ne7 36.b5 Rc1+
37.Kg2 Nf5 38.Rxe6 Kxe6 39.Bxc1 g6 40.Kf3 Bd4 41.Ba3 Kf7 42.e3 Bf6 43.Bxf5 gxf5
44.Kf4 Ke6 45.Bc5 Be5+ 46.Kg5 Bc7 47.Bd4 Bd8+ 48.Kh6 Kd6 49.h3 Ke6 50.g4 fxg4
51.hxg4 Kd6 52.f4 Ke6 53.f5+ Kd6 54.g5  1-0

[Event "V4 IM/WGM tournament Liptov 2011"]
[Site "Liptovsky Mikulas SVK"]
[Date "2011.06.29"]
[Round "9"]
[White "Jacko,V2"]
[Black "Kantorik,M"]
[Result "1/2-1/2"]
[WhiteElo "2156"]
[BlackElo "2312"]

1.c4 e6 2.Nf3 d5 3.d4 c5 4.e3 Nc6 5.Bd3 dxc4 6.Bxc4 cxd4 7.exd4 Nf6 8.O-O Be7
9.Nc3 O-O 10.Bg5 b6 11.Qd2 Bb7 12.Rad1 Rc8 13.Qe2 Nd5 14.Ne4 Na5 15.Bb5 Bxg5
16.Nexg5 h6 17.Ne4 a6 18.Ba4 Nf4 19.Qe3 Nd5 20.Qe2 Qc7 21.Ned2 b5 22.Bb3 Qf4
23.Rfe1 Nb4 24.a3 Nxb3 25.Nxb3 Nc2 26.Qe5 Qxe5 27.Rxe5 Rfd8 28.Ne1 Bd5 29.Nc5 f6
30.Re2 Nxd4 31.Rxd4 Rxc5 32.Rxe6 Bxe6 33.Rxd8+ Kf7 34.f3 a5 35.Rd4 Rc1 36.Kf2 Rb1
37.Rd2 Bc4 38.Rc2 Ke6 39.g3 Rd1 40.Ng2 Bb3 41.Re2+ Kf7 42.Ne3 Rd7 43.Nf1 Rc7
44.Ne3 Rd7 45.Nf1 Rc7 46.Ne3  1/2-1/2

[Event "2nd Big Slick IM"]
[Site "London ENG"]
[Date "2011.06.30"]
[Round "6"]
[White "Gormally,D"]
[Black "Blackburn,Su"]
[Result "1-0"]
[WhiteElo "2502"]
[BlackElo "1944"]

1.Nf3 e6 2.c4 d5 3.d4 Nf6 4.g3 c5 5.cxd5 exd5 6.Bg2 Nc6 7.O-O Be7 8.Nc3 O-O
9.Bg5 Ne4 10.Bxe7 Nxc3 11.Bxd8 Nxd1 12.Rfxd1 Rxd8 13.dxc5 Be6 14.e3 Rac8
15.Rac1 a5 16.a3 Rd7 17.Nd4 Ne5 18.f4 Bg4  1-0

[Event "ch-NED Women"]
[Site "Boxtel NED"]
[Date "2011.07.02"]
[Round "7"]
[White "Peng Zhaoqin"]
[Black "Middelveld,M"]
[Result "0-1"]
[WhiteElo "2375"]
[BlackElo "2120"]

1.Nf3 e6 2.c4 d5 3.d4 Nf6 4.Bg5 Be7 5.e3 Nbd7 6.Nc3 c6 7.Rc1 O-O 8.Bd3 dxc4
9.Bxc4 b5 10.Bd3 Bb7 11.O-O a6 12.Qc2 Rc8 13.Rfd1 h6 14.Bxf6 Nxf6 15.e4 Qb6
16.e5 Nd7 17.Bh7+ Kh8 18.Be4 Qc7 19.a3 c5 20.d5 exd5 21.Nxd5 Bxd5 22.Rxd5 Rfd8
23.h4 Nb6 24.Rdd1 Rxd1+ 25.Qxd1 Rd8 26.Qe2 Nc4 27.e6 fxe6 28.Bc2 Qf4 29.Re1 Bf6
30.Qxe6 Rf8 31.Qxa6 Nd2 32.Qxb5 Nxf3+ 33.gxf3 Bd4 34.Qe2 Qg3+ 35.Kf1 Qh3+
36.Kg1 Qg3+ 37.Kf1 Qh2  0-1

[Event "1st ch-CHN Rap w Prelim"]
[Site "Hefei CHN"]
[Date "2011.07.04"]
[Round "4"]
[White "Tan Zhongyi"]
[Black "Guo Qi"]
[Result "1/2-1/2"]
[WhiteElo "2396"]
[BlackElo "2368"]

1.c4 e6 2.Nf3 d5 3.e3 Nf6 4.Nc3 c5 5.d4 Nc6 6.a3 a6 7.dxc5 Bxc5 8.b4 Ba7
9.Bb2 d4 10.exd4 Nxd4 11.c5 Nc6 12.Qc2 O-O 13.Rd1 Qe7 14.Bd3 e5 15.Ne4 h6
16.h3 Nh5 17.O-O f5 18.Nd6 e4 19.Bc4+ Kh8 20.Nd4 Nxd4 21.Bxd4 Nf4 22.Be3 Nxh3+
23.gxh3 f4 24.Qxe4 Qxe4 25.Nxe4 fxe3 26.fxe3 Bxh3 27.Rxf8+ Rxf8 28.Nf2 Bc8
29.Bd5 Bb8 30.Kg2 g5 31.e4 Kg7 32.Nd3  1/2-1/2

[Event "TCh-TUR 2011"]
[Site "Konya TUR"]
[Date "2011.07.04"]
[Round "8"]
[White "Gurevich,M"]
[Black "Galkin,A"]
[Result "1/2-1/2"]
[WhiteElo "2617"]
[BlackElo "2598"]

1.c4 e6 2.Nf3 d5 3.d4 c6 4.Bg5 Be7 5.Bxe7 Qxe7 6.e3 Nf6 7.Nc3 O-O 8.Rc1 Rd8
9.Qc2 dxc4 10.Bxc4 c5 11.O-O cxd4 12.Nxd4 Bd7 13.Rfd1 Nc6 14.Be2 Nxd4 15.Rxd4 Bc6
16.Rcd1 h6 17.a3 Rxd4 18.Rxd4 Rd8 19.Qd2 Rxd4 20.Qxd4 b6 21.Bb5  1/2-1/2

[Event "9th Niki Open"]
[Site "Nachod CZE"]
[Date "2011.07.04"]
[Round "3.39"]
[White "Kotyza,B"]
[Black "Szucs,Matyas"]
[Result "1-0"]
[WhiteElo "1980"]
[BlackElo "1783"]

1.c4 e6 2.Nf3 d5 3.cxd5 exd5 4.g3 Nf6 5.Bg2 Bd6 6.d3 O-O 7.O-O c6 8.Bd2 Bf5
9.Nc3 h6 10.Rc1 Qe7 11.Re1 Nbd7 12.Nd4 Bg6 13.Bh3 Ne5 14.Nf5 Bxf5 15.Bxf5 d4
16.Ne4 Nd5 17.Nxd6 Qxd6 18.Be4 Rfe8 19.Qb3 Nb6 20.Bb4 Qd7 21.Bc5 Red8 22.Kg2 Nc8
23.h3 Kh8 24.f4 Ng6 25.Bxg6 fxg6 26.Rc4 Qd5+ 27.Kh2 Nb6 28.Bxb6 axb6 29.Qxb6 Qa5
30.Qxa5 Rxa5 31.a3 Rb5 32.b4 Rbd5 33.a4 Ra8 34.a5 Kg8 35.Kg2 Kf7 36.Ra1 Ra6
37.Kf3 Rd6 38.b5 cxb5 39.Rc7+ Kf6 40.Rxb7  1-0

[Event "38th ch-IND w Challengers"]
[Site "Chennai IND"]
[Date "2011.07.08"]
[Round "9"]
[White "Visalatchi,R"]
[Black "Sathya,Pri"]
[Result "1-0"]
[WhiteElo "1941"]
[BlackElo "1842"]

1.c4 e6 2.Nf3 d5 3.e3 Nf6 4.Nc3 Be7 5.d4 dxc4 6.Bxc4 a6 7.a3 c5 8.O-O b5
9.Be2 Bb7 10.Qc2 Qc7 11.dxc5 Bxc5 12.b4 Be7 13.Bb2 Nc6 14.Rac1 Rc8 15.Ne4 Nxe4
16.Qxe4 O-O 17.Qg4 g6 18.Qh3 f5 19.Bd1 Bf6 20.Bxf6 Rxf6 21.Bb3 Qe7 22.Ng5 Kh8
23.Qh4 Rcf8 24.Rfd1 Ba8 25.Rd2 h5 26.Rcd1 Qb7 27.Rd7 Qb8 28.Bxe6  1-0

[Event "TCh-TUR 2011"]
[Site "Konya TUR"]
[Date "2011.07.09"]
[Round "13"]
[White "Miroshnichenko,E"]
[Black "Kulaots,K"]
[Result "1-0"]
[WhiteElo "2651"]
[BlackElo "2607"]

1.c4 e6 2.Nf3 d5 3.b3 Be7 4.Bb2 Nf6 5.g3 O-O 6.Bg2 b6 7.O-O Bb7 8.e3 Nbd7
9.Qe2 Re8 10.Rd1 a6 11.Nc3 Ne4 12.Rac1 Nxc3 13.dxc3 Qc8 14.cxd5 Bxd5 15.c4 Bc6
16.Qc2 Nf6 17.c5 Be4 18.Qc4 b5 19.Qc3 Rd8 20.c6 b4 21.Qc4 Rxd1+ 22.Rxd1 Bd5
23.Qc2 Be4 24.Qc1 a5 25.Ng5 Bxg2 26.Kxg2 Ne8 27.Nf3 Nd6 28.e4 Nxe4 29.Rd7 Bf8
30.Qc2 Nc5 31.Ng5 f5 32.Qc4 Qe8 33.Rxc7 Rc8 34.Rxc8 Qxc8 35.Qb5 Bd6 36.Be5 Be7
37.c7 Na6 38.Nf3 Nxc7 39.Qc6 Bd8 40.Bxc7 Bxc7 41.Ng5  1-0

[Event "St Pauli Open"]
[Site "Hamburg GER"]
[Date "2011.07.11"]
[Round "3.39"]
[White "Wronn,B"]
[Black "Schroeder,Ka"]
[Result "1-0"]
[WhiteElo "2196"]
[BlackElo "1859"]

1.Nf3 e6 2.c4 d5 3.g3 Nf6 4.Bg2 d4 5.O-O Bc5 6.b4 Be7 7.Bb2 c5 8.bxc5 Bxc5
9.e3 dxe3 10.fxe3 O-O 11.d4 Qb6 12.Qe2 Be7 13.Nc3 Nbd7 14.Rab1 Qa5 15.e4 e5
16.Nd5 Nxd5 17.exd5 Nb6 18.Nxe5 Qxa2 19.Ra1 Qb3 20.Rf3  1-0

[Event "SPA Open A"]
[Site "Amsterdam NED"]
[Date "2011.07.12"]
[Round "4"]
[White "Afek,Y"]
[Black "Gravemaker,Wim Laurens"]
[Result "1-0"]
[WhiteElo "2298"]
[BlackElo "2047"]

1.c4 e6 2.Nf3 d5 3.d4 c5 4.cxd5 exd5 5.Nc3 Nc6 6.g3 Bg4 7.Bg2 cxd4 8.Nxd4 Bb4
9.O-O Nge7 10.Nxc6 bxc6 11.Qd4 Bxc3 12.bxc3 Bf5 13.Qxg7 Rg8 14.Qe5 Qb8 15.Qd4 Qb5
16.Ba3 Ng6 17.e4 Be6 18.exd5 cxd5 19.Rfe1 Nf8 20.Qf6 Qd7 21.Bxd5 Rg6 22.Rxe6+ Qxe6
23.Bc6+ Qxc6 24.Qe7+  1-0

[Event "Nana Aleksandria Cup"]
[Site "Poti GEO"]
[Date "2011.07.13"]
[Round "3"]
[White "Gharibyan,K"]
[Black "Sulashvili,M"]
[Result "1/2-1/2"]
[WhiteElo "2124"]
[BlackElo "2476"]

1.c4 e6 2.Nf3 d5 3.g3 Nf6 4.Bg2 Be7 5.O-O O-O 6.b3 c6 7.d3 a5 8.a3 b6 9.Bb2 Bb7
10.Nbd2 c5 11.d4 Nbd7 12.Re1 a4 13.bxa4 cxd4 14.Bxd4 Nc5 15.Ne5 Nxa4 16.e3 Qc7
17.Qb3 Ne4 18.Nef3 Nxd2 19.Nxd2 e5 20.Bb2 Nxb2 21.Qxb2 dxc4 22.Bxb7 c3 23.Qc2 Ra7
24.Rec1 Rxb7 25.Qxc3 Qxc3 26.Rxc3 Rd8 27.Nb3 h5 28.h4 Ra8 29.Nd2 Ra4 30.Rb3 Bc5
31.Kf1 Rba7 32.Nb1 f5 33.Ra2 f4 34.exf4 exf4 35.Kg2 Rd7 36.Nd2 fxg3 37.fxg3 Re7
38.Nb1 Rae4 39.Nc3 Re1 40.Rb1 R1e5 41.a4 Rd7 42.Rd1 Rxd1 43.Nxd1 Bb4 44.Nf2 Re3
45.Nh3 Be1 46.Nf2 Kf7 47.Rb2 Ra3 48.Ne4 Rxa4 49.Ng5+ Kf6 50.Rxb6+ Kf5 51.Nf3 Ra2+
52.Kh3 Bf2 53.Rb5+ Kg6 54.Rb3  1/2-1/2

[Event "118th ch-SCO"]
[Site "Edinburgh SCO"]
[Date "2011.07.14"]
[Round "6"]
[White "Grant,J"]
[Black "Kynoch,R"]
[Result "1-0"]
[WhiteElo "2204"]
[BlackElo "1966"]

1.c4 e6 2.Nf3 d5 3.d4 c6 4.g3 f5 5.Bg2 Nf6 6.O-O Bd6 7.Qc2 O-O 8.Nbd2 b6
9.Ne1 Ba6 10.Nd3 Nbd7 11.b3 Rc8 12.Nf3 c5 13.Bf4 Bxf4 14.Nxf4 Qe7 15.Ng5 cxd4
16.Ngxe6 Rfe8 17.Nxd4 dxc4 18.Nxf5 Qe5 19.Ne3 c3 20.Rad1 Nc5 21.Nc4 Bxc4
22.bxc4 Nce4 23.Bxe4 Qxe4 24.Qxc3 Rxc4 25.Qb3 Qc2 26.Rc1 Qxb3 27.axb3 Rb4
28.Rc3 Ne4 29.Rc7 a5 30.Rd1 Nc5 31.Nh5 Ne6 32.Ra7 Rb5 33.g4 Rxb3 34.Rdd7 Rb4
35.h3 Rd4 36.Rdb7 Rd6 37.f4 Nc7 38.Rxc7  1-0

[Event "Najdorf Memorial"]
[Site "Warsaw POL"]
[Date "2011.07.14"]
[Round "1.40"]
[White "Hetzer,V"]
[Black "Warszawski,B"]
[Result "0-1"]
[WhiteElo "2020"]
[BlackElo "2296"]

1.c4 e6 2.Nf3 d5 3.d4 c5 4.cxd5 exd5 5.e3 Nf6 6.Be2 Nc6 7.O-O Be7 8.b3 O-O
9.Bb2 cxd4 10.Nxd4 Ne4 11.Nxc6 bxc6 12.Nc3 Bf6 13.Qc1 Bf5 14.Rd1 Re8 15.Bd3 Bxc3
16.Bxc3 Qg5 17.Bf1 Re6 18.Be1 Bg4 19.Rd3 Bf3 20.g3 Qf5 21.Rd4 Rh6 22.Bg2 Bxg2
23.Kxg2 Qh3+ 24.Kg1 Qxh2+ 25.Kf1 Rf6  0-1

[Event "34th Aegean Open"]
[Site "Aghios Kirykos GRE"]
[Date "2011.07.15"]
[Round "8"]
[White "Pountzas,H"]
[Black "Middelhoven,H"]
[Result "1-0"]
[WhiteElo "2177"]
[BlackElo "1984"]

1.c4 e6 2.Nf3 d5 3.g3 Nf6 4.Bg2 Be7 5.O-O O-O 6.d4 c6 7.Nbd2 b6 8.b3 Bb7
9.Bb2 Nbd7 10.Rc1 Rc8 11.e3 h6 12.Qc2 Bd6 13.e4 dxe4 14.Nxe4 Nxe4 15.Qxe4 Nf6
16.Qe2 Qe7 17.Rce1 Rfe8 18.Ne5 Bb4 19.Rd1 Ba3 20.Ba1 Bd6 21.Rd3 Qc7 22.Rfd1 Rcd8
23.h4 Be7 24.Qf3 Rc8 25.Bb2 Ba8 26.Qf4 Bd6 27.g4 Nh7 28.g5 hxg5 29.hxg5 Bxe5
30.dxe5 Rcd8 31.Rd6 Nf8 32.Be4 Ng6 33.Qf3 Qe7 34.Qg4 c5 35.Bxa8 Rxa8 36.Rd7 Qf8
37.R1d6 Re7 38.Qd1 Rxd7 39.Rxd7 Qe8 40.Qd6 Kh8 41.Qc7 Kg8 42.Kf1 Kf8 43.Ke2 Kg8
44.Ke3 Kf8 45.Ke4 Kg8 46.Bc1 Rc8 47.Qd6 Nf8 48.Re7 Qd8 49.Rxa7 f5+ 50.gxf6 gxf6
51.Qxd8 Rxd8 52.exf6 Nd7 53.f7+ Kf8 54.Bg5  1-0